000 00895nam a2200205Ii 4500
003 JO-AjNU
008 230605s9999||||xx |||||||||||||| ||und||
040 _aJO-AjNU
_bara
_erda
_cJO-AjNU
041 _aara
050 1 4 _aK2100.Z8322.2003
100 3 _a الزعبي، عوض أحمد ,
_eauthor
_946461
245 0 0 _aأصول المحاكمات المدنية التنظيم القضائي : الاختصاص، التقاضي ، الأحكام وطرق الطعن " دراسة مقارنة " / الجزء الثاني ، التقاضي ، الأحكام وطرق الطعن
250 _aط1
264 3 1 _aعمان : دار وائل ، 2003
300 _aج2، 625ص
336 _atext
_btxt
_2rdacontent
337 _aunmediated
_bn
_2rdamedia
338 _avolume
_bnc
_2rdacarrier
650 4 _aالقانون المدني -- المحاكم المدنية -- المحاكمات
_946462
999 _aA20214
_c23782
_d23782